000 00771nam a2200217 4500
005 20240530110550.0
008 160625s2014 ua a|||f b||| 00| 0 ara d
017 _a2013/15867
_bمصر. دار الكتب المصرية
020 _a9772329342
040 _aEG-CaGPL
082 0 4 _a659.2/
_bف ع
_221
100 0 _aفؤادة البكرى
245 1 2 _aالعلاقات العامة بين التخطيط والاتصال /
_cفؤاده البكرى.
250 _aط. 1.
260 _aالقاهرة :
_bعالم الكتب،
_c2014.
300 _a284 ص. :
_bايض. ؛
_c24
504 _aيشتمل على ارجاعات ببليوجرافية.
650 0 4 _aالعلاقات العامة
942 _2ddc
_cBK
999 _c62436
_d62436